[Event "alberic"]
[Site "C/Calderon de la Barca"]
[Date "2017.07.01"]
[Round "5.2"]
[White "Martinez Escandell, Alfonso"]
[Black "Fenollar Jorda, Manuel"]
[Result "0-1"]
[WhiteElo "1942"]
[BlackElo "2335"]
[PlyCount "146"]
[EventDate "2017.??.??"]

1. e4 {[%clk 0:07:04]} 1... e5 {[%clk 0:07:05]} 2. Nf3 {[%clk 0:07:06]} 2...
Nc6 {[%clk 0:07:07]} 3. Bb5 {[%clk 0:07:07]} 3... a6 {[%clk 0:07:09]} 4. Ba4 {
[%clk 0:07:09]} 4... Nf6 {[%clk 0:07:11]} 5. O-O {[%clk 0:07:11]} 5... b5 {
[%clk 0:07:13]} 6. Bb3 {[%clk 0:07:13]} 6... Bc5 {[%clk 0:07:15]} 7. d3 {
[%clk 0:07:11]} 7... d6 {[%clk 0:07:14]} 8. Be3 {[%clk 0:07:12]} 8... Bb6 {
[%clk 0:07:08]} 9. c3 {[%clk 0:07:12]} 9... O-O {[%clk 0:07:07]} 10. Nbd2 {
[%clk 0:07:02]} 10... Ne7 {[%clk 0:07:03]} 11. d4 {[%clk 0:06:42]} 11... Ng6 {
[%clk 0:07:03]} 12. dxe5 {[%clk 0:06:35]} 12... dxe5 {[%clk 0:07:04]} 13. Bxb6
{[%clk 0:06:33]} 13... cxb6 {[%clk 0:07:06]} 14. Re1 {[%clk 0:05:46]} 14... Bb7
{[%clk 0:07:04]} 15. Bc2 {[%clk 0:05:25]} 15... Qc7 {[%clk 0:05:55]} 16. Nf1 {
[%clk 0:05:25]} 16... Nf4 {[%clk 0:05:06]} 17. Ng3 {[%clk 0:04:49]} 17... Rad8
{[%clk 0:04:06]} 18. Qc1 {[%clk 0:04:50]} 18... Nd3 {[%clk 0:03:30]} 19. Bxd3 {
[%clk 0:04:42]} 19... Rxd3 {[%clk 0:03:32]} 20. Qg5 {[%clk 0:03:48]} 20... h6 {
[%clk 0:03:33]} 21. Qxe5 {[%clk 0:03:40]} 21... Qxe5 {[%clk 0:03:30]} 22. Nxe5
{[%clk 0:03:41]} 22... Rd2 {[%clk 0:03:32]} 23. Rab1 {[%clk 0:03:22]} 23...
Rfd8 {[%clk 0:03:08]} 24. Nf3 {[%clk 0:03:22]} 24... Rc2 {[%clk 0:03:06]} 25.
Nd4 {[%clk 0:03:23]} 25... Rd2 {[%clk 0:03:05]} 26. f3 {[%clk 0:02:23]} 26...
h5 {[%clk 0:02:15]} 27. Nf1 {[%clk 0:02:24]} 27... Rd3 {[%clk 0:02:08]} 28. Kf2
{[%clk 0:02:26]} 28... Nd7 {[%clk 0:01:58]} 29. Ke2 {[%clk 0:02:20]} 29... Nc5
{[%clk 0:01:59]} 30. Rec1 {[%clk 0:02:00]} 30... a5 {[%clk 0:01:34]} 31. Nxb5 {
[%clk 0:01:24]} 31... Ba6 {[%clk 0:01:32]} 32. c4 {[%clk 0:00:48]} 32... Ne6 {
[%clk 0:01:33]} 33. Rd1 {[%clk 0:00:31]} 33... Nf4+ {[%clk 0:01:24]} 34. Ke1 {
[%clk 0:00:25]} 34... Nxg2+ {[%clk 0:01:24]} 35. Ke2 {[%clk 0:00:27]} 35...
Nf4+ {[%clk 0:01:23]} 36. Ke1 {[%clk 0:00:28]} 36... Ng2+ {[%clk 0:00:32]} 37.
Ke2 {[%clk 0:00:31]} 37... Nf4+ {[%clk 0:00:29]} 38. Ke1 {[%clk 0:00:33]} 38...
Bxb5 {[%clk 0:00:16]} 39. cxb5 {[%clk 0:00:33]} 39... Kf8 {[%clk 0:00:10]} 40.
Rxd3 {[%clk 0:00:34]} 40... Nxd3+ 41. Ke2 {[%clk 0:00:36]} 41... Nf4+ {
[%clk 0:00:12]} 42. Ke3 {[%clk 0:00:38]} 42... g5 {[%clk 0:00:15]} 43. Rc1 {
[%clk 0:00:28]} 43... Rd3+ {[%clk 0:00:12]} 44. Kf2 {[%clk 0:00:30]} 44... Ke7
{[%clk 0:00:11]} 45. Rc6 {[%clk 0:00:28]} 45... Rd6 {[%clk 0:00:13]} 46. Rxd6 {
[%clk 0:00:29]} 46... Kxd6 {[%clk 0:00:15]} 47. Ne3 {[%clk 0:00:27]} 47... Nd3+
{[%clk 0:00:14]} 48. Ke2 {[%clk 0:00:24]} 48... Nxb2 {[%clk 0:00:16]} 49. Nf5+
{[%clk 0:00:19]} 49... Ke5 {[%clk 0:00:14]} 50. h4 {[%clk 0:00:16]} 50... f6 {
[%clk 0:00:12]} 51. hxg5 {[%clk 0:00:17]} 51... fxg5 {[%clk 0:00:14]} 52. Ne3 {
[%clk 0:00:15]} 52... h4 {[%clk 0:00:12]} 53. Ng4+ {[%clk 0:00:12]} 53... Kf4 {
[%clk 0:00:11]} 54. e5 {[%clk 0:00:14]} 54... Kf5 {[%clk 0:00:11]} 55. Ke3 {
[%clk 0:00:14]} 55... Ke6 {[%clk 0:00:07]} 56. Kd4 {[%clk 0:00:16]} 56... h3 {
[%clk 0:00:08]} 57. Nh2 {[%clk 0:00:04]} 57... Nd1 {[%clk 0:00:05]} 58. Kd3 {
[%clk 0:00:06]} 58... a4 {[%clk 0:00:06]} 59. Kd2 {[%clk 0:00:08]} 59... Nb2 {
[%clk 0:00:08]} 60. Kc3 {[%clk 0:00:11]} 60... a3 {[%clk 0:00:09]} 61. Kb3 {
[%clk 0:00:13]} 61... Kxe5 {[%clk 0:00:10]} 62. Kxa3 {[%clk 0:00:15]} 62...
Nc4+ {[%clk 0:00:12]} 63. Kb4 {[%clk 0:00:17]} 63... Na5 {[%clk 0:00:13]} 64.
a4 {[%clk 0:00:19]} 64... Kf4 {[%clk 0:00:15]} 65. Kc3 {[%clk 0:00:19]} 65...
Kg3 {[%clk 0:00:18]} 66. Nf1+ {[%clk 0:00:20]} 66... Kg2 {[%clk 0:00:20]} 67.
Ne3+ {[%clk 0:00:21]} 67... Kxf3 {[%clk 0:00:21]} 68. Kd3 {[%clk 0:00:23]}
68... h2 {[%clk 0:00:22]} 69. Nf1 {[%clk 0:00:22]} 69... h1=Q {[%clk 0:00:22]}
70. Nd2+ {[%clk 0:00:24]} 70... Kf4 {[%clk 0:00:24]} 71. Kc3 {[%clk 0:00:25]}
71... Qe1 {[%clk 0:00:24]} 72. Kc2 {[%clk 0:00:27]} 72... Qxd2+ {[%clk 0:00:24]
} 73. Kxd2 {[%clk 0:00:29]} 73... Ke5 0-1

[Event "alberic"]
[Site "C/Calderon de la Barca"]
[Date "2017.07.01"]
[Round "5.3"]
[White "Kovacevic, Slobodan"]
[Black "Carbonell Bofill, Carlos Eloy"]
[Result "1-0"]
[WhiteElo "2304"]
[BlackElo "2125"]
[PlyCount "102"]
[EventDate "2017.??.??"]

1. d4 {[%clk 0:07:05]} 1... c5 {[%clk 0:06:51]} 2. d5 {[%clk 0:07:07]} 2... b5
{[%clk 0:06:43]} 3. e4 {[%clk 0:07:09]} 3... a6 {[%clk 0:06:43]} 4. a4 {
[%clk 0:07:10]} 4... b4 {[%clk 0:06:40]} 5. a5 {[%clk 0:07:08]} 5... d6 {
[%clk 0:06:33]} 6. Nd2 {[%clk 0:07:09]} 6... Nf6 {[%clk 0:06:33]} 7. Ngf3 {
[%clk 0:07:10]} 7... g6 {[%clk 0:06:32]} 8. Bd3 {[%clk 0:07:11]} 8... Bg7 {
[%clk 0:06:34]} 9. O-O {[%clk 0:07:13]} 9... O-O {[%clk 0:06:26]} 10. Nc4 {
[%clk 0:07:15]} 10... Ra7 {[%clk 0:06:22]} 11. h3 {[%clk 0:07:15]} 11... Bd7 {
[%clk 0:06:20]} 12. Re1 {[%clk 0:07:12]} 12... Bb5 {[%clk 0:06:21]} 13. Bd2 {
[%clk 0:07:11]} 13... Nfd7 {[%clk 0:06:15]} 14. c3 {[%clk 0:07:11]} 14... Bxc4
{[%clk 0:04:48]} 15. Bxc4 {[%clk 0:07:13]} 15... Ne5 {[%clk 0:04:50]} 16. Nxe5
{[%clk 0:07:11]} 16... Bxe5 {[%clk 0:04:52]} 17. Qe2 {[%clk 0:07:04]} 17... Qc7
{[%clk 0:03:58]} 18. Ra2 {[%clk 0:06:56]} 18... Rc8 {[%clk 0:03:46]} 19. Rc1 {
[%clk 0:06:55]} 19... bxc3 {[%clk 0:03:36]} 20. bxc3 {[%clk 0:06:41]} 20... Nd7
{[%clk 0:03:21]} 21. f4 {[%clk 0:06:41]} 21... Bg7 {[%clk 0:03:23]} 22. Kh1 {
[%clk 0:06:42]} 22... Rb8 {[%clk 0:03:16]} 23. Be1 {[%clk 0:06:32]} 23... Qb7 {
[%clk 0:03:10]} 24. Bg3 {[%clk 0:06:29]} 24... Nf6 {[%clk 0:03:03]} 25. Bh2 {
[%clk 0:06:22]} 25... Ne8 {[%clk 0:02:58]} 26. e5 {[%clk 0:06:22]} 26... Nc7 {
[%clk 0:02:36]} 27. Qd3 {[%clk 0:06:23]} 27... Nb5 {[%clk 0:02:18]} 28. Bg3 {
[%clk 0:06:21]} 28... Qc7 {[%clk 0:02:18]} 29. Qe3 {[%clk 0:06:17]} 29... Rab7
{[%clk 0:02:14]} 30. Kh2 {[%clk 0:06:14]} 30... h5 {[%clk 0:02:14]} 31. Kh1 {
[%clk 0:06:13]} 31... Kh7 {[%clk 0:02:12]} 32. Qe4 {[%clk 0:06:01]} 32... f5 {
[%clk 0:01:57]} 33. exf6 {[%clk 0:05:59]} 33... exf6 {[%clk 0:01:49]} 34. f5 {
[%clk 0:05:57]} 34... g5 {[%clk 0:01:51]} 35. Bh2 {[%clk 0:05:48]} 35... h4 {
[%clk 0:01:50]} 36. Qf3 {[%clk 0:05:50]} 36... Kg8 {[%clk 0:01:47]} 37. Re1 {
[%clk 0:05:48]} 37... Qd7 {[%clk 0:01:37]} 38. Re6 {[%clk 0:05:49]} 38... Nc7 {
[%clk 0:01:36]} 39. Bg1 {[%clk 0:05:48]} 39... Rb1 {[%clk 0:01:23]} 40. Kh2 {
[%clk 0:05:49]} 40... Nxe6 {[%clk 0:01:17]} 41. fxe6 {[%clk 0:05:49]} 41... Qe8
{[%clk 0:01:06]} 42. Bd3 {[%clk 0:05:51]} 42... R1b2 {[%clk 0:01:05]} 43. Rxb2
{[%clk 0:05:50]} 43... Rxb2 {[%clk 0:01:07]} 44. Qe4 {[%clk 0:05:49]} 44... Kf8
{[%clk 0:01:00]} 45. Bxa6 {[%clk 0:05:46]} 45... Ke7 {[%clk 0:00:48]} 46. Be2 {
[%clk 0:05:43]} 46... Qb8 {[%clk 0:00:38]} 47. a6 {[%clk 0:05:45]} 47... Ra2 {
[%clk 0:00:37]} 48. Bc4 {[%clk 0:05:41]} 48... Ra4 {[%clk 0:00:34]} 49. Qe2 {
[%clk 0:05:43]} 49... Qb1 {[%clk 0:00:31]} 50. Bd3 {[%clk 0:05:40]} 50... Qc1 {
[%clk 0:00:31]} 51. Qh5 {[%clk 0:05:38]} 51... Kd8 1-0

[Event "alberic"]
[Site "C/Calderon de la Barca"]
[Date "2017.07.01"]
[Round "5.4"]
[White "Cano Gimenez, Vicente"]
[Black "Minguez Piquer, Ximo"]
[Result "1-0"]
[WhiteElo "2285"]
[BlackElo "1773"]
[PlyCount "65"]
[EventDate "2017.??.??"]

1. Nf3 {[%clk 0:07:04]} 1... Nf6 {[%clk 0:07:05]} 2. g3 {[%clk 0:07:05]} 2...
g6 {[%clk 0:07:06]} 3. Bg2 {[%clk 0:07:07]} 3... Bg7 {[%clk 0:07:08]} 4. d4 {
[%clk 0:07:09]} 4... d5 {[%clk 0:07:09]} 5. c4 {[%clk 0:07:10]} 5... c6 {
[%clk 0:07:10]} 6. cxd5 {[%clk 0:07:11]} 6... cxd5 {[%clk 0:07:11]} 7. O-O {
[%clk 0:07:12]} 7... O-O {[%clk 0:07:11]} 8. Ne5 {[%clk 0:07:13]} 8... Ng4 {
[%clk 0:06:45]} 9. Nxg4 {[%clk 0:06:54]} 9... Bxg4 {[%clk 0:06:47]} 10. Nc3 {
[%clk 0:06:56]} 10... Be6 {[%clk 0:05:59]} 11. e4 {[%clk 0:06:08]} 11... Na6 {
[%clk 0:05:05]} 12. exd5 {[%clk 0:05:49]} 12... Bf5 {[%clk 0:04:54]} 13. Be3 {
[%clk 0:04:50]} 13... Nb4 {[%clk 0:04:43]} 14. a3 {[%clk 0:04:51]} 14... Nc2 {
[%clk 0:04:28]} 15. Rc1 {[%clk 0:04:53]} 15... Nxe3 {[%clk 0:04:23]} 16. fxe3 {
[%clk 0:04:54]} 16... Bh6 {[%clk 0:03:56]} 17. Qe2 {[%clk 0:04:50]} 17... Qd7 {
[%clk 0:03:49]} 18. Rcd1 {[%clk 0:04:44]} 18... Rac8 {[%clk 0:03:19]} 19. e4 {
[%clk 0:04:44]} 19... Bg4 {[%clk 0:03:16]} 20. Bf3 {[%clk 0:04:45]} 20... Bxf3
{[%clk 0:03:07]} 21. Qxf3 {[%clk 0:04:46]} 21... a6 {[%clk 0:02:39]} 22. e5 {
[%clk 0:04:47]} 22... Bg7 {[%clk 0:02:33]} 23. Qe4 {[%clk 0:04:44]} 23... Qc7 {
[%clk 0:02:25]} 24. Rd2 {[%clk 0:04:16]} 24... Qb6 {[%clk 0:02:17]} 25. Kh1 {
[%clk 0:04:11]} 25... Bh6 {[%clk 0:02:05]} 26. Re2 {[%clk 0:03:52]} 26... Rc4 {
[%clk 0:01:57]} 27. Qh4 {[%clk 0:03:54]} 27... g5 {[%clk 0:01:36]} 28. Qh5 {
[%clk 0:03:12]} 28... Rxd4 {[%clk 0:01:36]} 29. d6 {[%clk 0:02:51]} 29... Qc6+
{[%clk 0:01:23]} 30. Kg1 {[%clk 0:02:53]} 30... Kh8 {[%clk 0:00:25]} 31. Qxh6 {
[%clk 0:02:50]} 31... Rg8 {[%clk 0:00:25]} 32. Rxf7 {[%clk 0:02:46]} 32... Rh4
{[%clk 0:00:26]} 33. Rxh7# 1-0

[Event "alberic"]
[Site "C/Calderon de la Barca"]
[Date "2017.07.01"]
[Round "5.5"]
[White "Carbonell Sancho, Marc"]
[Black "Cantero Ramon, Eloy"]
[Result "0-1"]
[WhiteElo "1921"]
[BlackElo "2136"]
[PlyCount "92"]
[EventDate "2017.??.??"]

1. e4 {[%clk 0:07:05]} 1... d6 {[%clk 0:07:03]} 2. d4 {[%clk 0:07:06]} 2... Nf6
{[%clk 0:07:03]} 3. Nc3 {[%clk 0:07:08]} 3... g6 {[%clk 0:07:01]} 4. f3 {
[%clk 0:07:08]} 4... Bg7 {[%clk 0:07:02]} 5. Be3 {[%clk 0:07:09]} 5... O-O {
[%clk 0:07:02]} 6. Qd2 {[%clk 0:07:10]} 6... c6 {[%clk 0:06:53]} 7. h4 {
[%clk 0:07:09]} 7... b5 {[%clk 0:06:20]} 8. O-O-O {[%clk 0:06:14]} 8... b4 {
[%clk 0:05:27]} 9. Nce2 {[%clk 0:06:14]} 9... Qa5 {[%clk 0:05:11]} 10. Kb1 {
[%clk 0:06:16]} 10... Be6 {[%clk 0:05:04]} 11. b3 {[%clk 0:05:31]} 11... Na6 {
[%clk 0:04:18]} 12. g4 {[%clk 0:05:28]} 12... Nc7 {[%clk 0:04:18]} 13. a4 {
[%clk 0:05:30]} 13... h5 {[%clk 0:03:40]} 14. g5 {[%clk 0:04:10]} 14... Nd7 {
[%clk 0:03:41]} 15. Nf4 {[%clk 0:04:12]} 15... Nb6 {[%clk 0:03:36]} 16. Nxe6 {
[%clk 0:02:37]} 16... Nxe6 {[%clk 0:03:27]} 17. f4 {[%clk 0:02:20]} 17... c5 {
[%clk 0:03:12]} 18. Nf3 {[%clk 0:02:07]} 18... cxd4 {[%clk 0:02:08]} 19. Nxd4 {
[%clk 0:02:08]} 19... Nxd4 {[%clk 0:02:04]} 20. Bxd4 {[%clk 0:02:10]} 20...
Bxd4 {[%clk 0:01:48]} 21. Qxd4 {[%clk 0:02:12]} 21... Qc5 {[%clk 0:01:30]} 22.
Qb2 {[%clk 0:02:14]} 22... Rac8 {[%clk 0:01:27]} 23. Rd3 {[%clk 0:01:57]} 23...
d5 {[%clk 0:01:28]} 24. Bg2 {[%clk 0:01:41]} 24... Qf2 {[%clk 0:00:58]} 25. Bf3
{[%clk 0:01:43]} 25... dxe4 {[%clk 0:00:56]} 26. Bxe4 {[%clk 0:01:44]} 26...
Qxf4 {[%clk 0:00:58]} 27. Bg2 {[%clk 0:01:35]} 27... Qf2 {[%clk 0:00:59]} 28.
Be4 {[%clk 0:01:29]} 28... e6 {[%clk 0:00:57]} 29. a5 {[%clk 0:00:48]} 29...
Nd5 {[%clk 0:00:39]} 30. Bxd5 {[%clk 0:00:49]} 30... exd5 {[%clk 0:00:41]} 31.
Rxd5 {[%clk 0:00:48]} 31... Rfd8 {[%clk 0:00:33]} 32. Rhd1 {[%clk 0:00:15]}
32... Rxd5 {[%clk 0:00:35]} 33. Rxd5 {[%clk 0:00:18]} 33... Qxh4 {
[%clk 0:00:36]} 34. Rd7 {[%clk 0:00:17]} 34... Qh1+ {[%clk 0:00:35]} 35. Ka2 {
[%clk 0:00:19]} 35... Qe4 {[%clk 0:00:26]} 36. Rxa7 {[%clk 0:00:06]} 36... Rxc2
{[%clk 0:00:27]} 37. Ra8+ {[%clk 0:00:08]} 37... Qxa8 38. Qxc2 Qxa5+ {
[%clk 0:00:27]} 39. Kb1 {[%clk 0:00:12]} 39... Qa3 {[%clk 0:00:20]} 40. Qd3 {
[%clk 0:00:08]} 40... Qa5 {[%clk 0:00:19]} 41. Qe3 {[%clk 0:00:05]} 41... Qd5 {
[%clk 0:00:15]} 42. Qe8+ {[%clk 0:00:06]} 42... Kg7 {[%clk 0:00:17]} 43. Qe3 {
[%clk 0:00:08]} 43... Qf5+ {[%clk 0:00:13]} 44. Kb2 {[%clk 0:00:09]} 44... h4 {
[%clk 0:00:11]} 45. Qd4+ {[%clk 0:00:09]} 45... f6 {[%clk 0:00:06]} 46. Qxh4 {
[%clk 0:00:05]} 46... Qe5+ {[%clk 0:00:07]} 0-1

[Event "alberic"]
[Site "C/Calderon de la Barca"]
[Date "2017.07.01"]
[Round "5.6"]
[White "Cruz Lledo, Pablo"]
[Black "Rull Costa, Baltasar"]
[Result "1-0"]
[WhiteElo "2445"]
[BlackElo "1790"]
[PlyCount "39"]
[EventDate "2017.??.??"]

1. d4 {[%clk 0:07:00]} 1... Nf6 {[%clk 0:07:04]} 2. c4 {[%clk 0:07:02]} 2... e6
{[%clk 0:07:01]} 3. Nc3 {[%clk 0:07:04]} 3... Bb4 {[%clk 0:06:59]} 4. Qc2 {
[%clk 0:07:05]} 4... d5 {[%clk 0:06:54]} 5. cxd5 {[%clk 0:07:06]} 5... exd5 {
[%clk 0:06:50]} 6. Nf3 {[%clk 0:07:07]} 6... O-O {[%clk 0:06:39]} 7. Bg5 {
[%clk 0:07:06]} 7... c6 {[%clk 0:05:40]} 8. e3 {[%clk 0:07:07]} 8... Bg4 {
[%clk 0:05:23]} 9. Bd3 {[%clk 0:07:04]} 9... h6 {[%clk 0:05:02]} 10. Bh4 {
[%clk 0:06:55]} 10... Be7 {[%clk 0:04:41]} 11. Ne5 {[%clk 0:05:39]} 11... Be6 {
[%clk 0:04:31]} 12. f4 {[%clk 0:05:39]} 12... Ng4 {[%clk 0:04:20]} 13. Bf2 {
[%clk 0:05:08]} 13... Nxe5 {[%clk 0:03:05]} 14. dxe5 {[%clk 0:05:01]} 14... Bh4
{[%clk 0:02:33]} 15. O-O {[%clk 0:04:57]} 15... Bxf2+ {[%clk 0:02:29]} 16. Qxf2
{[%clk 0:04:57]} 16... Nd7 {[%clk 0:02:13]} 17. e4 Nb6 {[%clk 0:01:39]} 18. f5
{[%clk 0:03:32]} 18... dxe4 {[%clk 0:01:30]} 19. fxe6 {[%clk 0:03:03]} 19...
fxe6 {[%clk 0:01:20]} 20. Qxf8+ {[%clk 0:02:58]} 1-0

[Event "alberic"]
[Site "C/Calderon de la Barca"]
[Date "2017.07.01"]
[Round "6.1"]
[White "Plaskett, H James"]
[Black "Fenollar Jorda, Manuel"]
[Result "1-0"]
[WhiteElo "2463"]
[BlackElo "2335"]
[PlyCount "59"]
[EventDate "2017.??.??"]

1. e4 {[%clk 0:07:03]} 1... e5 {[%clk 0:07:05]} 2. Nc3 {[%clk 0:07:04]} 2...
Nc6 {[%clk 0:07:06]} 3. Bc4 {[%clk 0:07:05]} 3... Nf6 {[%clk 0:07:07]} 4. d3 {
[%clk 0:07:06]} 4... Bc5 {[%clk 0:07:08]} 5. f4 {[%clk 0:07:06]} 5... d6 {
[%clk 0:06:59]} 6. Nf3 {[%clk 0:07:07]} 6... a6 {[%clk 0:06:47]} 7. a3 {
[%clk 0:06:26]} 7... Be6 {[%clk 0:06:18]} 8. f5 {[%clk 0:06:13]} 8... Bxc4 {
[%clk 0:06:16]} 9. dxc4 {[%clk 0:06:15]} 9... Nd4 {[%clk 0:06:00]} 10. Bg5 {
[%clk 0:05:56]} 10... c6 {[%clk 0:05:57]} 11. Qd3 {[%clk 0:05:44]} 11... b5 {
[%clk 0:05:24]} 12. O-O-O {[%clk 0:05:30]} 12... b4 {[%clk 0:04:41]} 13. axb4 {
[%clk 0:05:29]} 13... Bxb4 {[%clk 0:04:38]} 14. Nxd4 {[%clk 0:05:28]} 14...
exd4 {[%clk 0:04:37]} 15. Qxd4 {[%clk 0:05:25]} 15... O-O {[%clk 0:04:34]} 16.
Bxf6 {[%clk 0:04:57]} 16... Qxf6 {[%clk 0:04:32]} 17. Qxf6 {[%clk 0:04:57]}
17... gxf6 {[%clk 0:04:34]} 18. Na4 {[%clk 0:04:33]} 18... a5 {[%clk 0:03:17]}
19. c3 {[%clk 0:04:25]} 19... Bc5 {[%clk 0:03:19]} 20. Nxc5 {[%clk 0:04:26]}
20... dxc5 {[%clk 0:03:21]} 21. Rd6 {[%clk 0:04:23]} 21... Rfe8 {[%clk 0:03:01]
} 22. Re1 {[%clk 0:03:52]} 22... Ra6 {[%clk 0:02:13]} 23. Rxf6 {[%clk 0:03:45]}
23... a4 {[%clk 0:02:15]} 24. Kc2 {[%clk 0:03:36]} 24... a3 {[%clk 0:02:15]}
25. bxa3 {[%clk 0:03:29]} 25... Rxa3 {[%clk 0:02:01]} 26. Rxc6 {[%clk 0:03:29]}
26... Ra2+ {[%clk 0:00:42]} 27. Kb3 {[%clk 0:03:30]} 27... Rea8 {[%clk 0:00:35]
} 28. Rc8+ {[%clk 0:03:32]} 28... Kg7 {[%clk 0:00:29]} 29. Rxa8 {[%clk 0:03:33]
} 29... Rxa8 {[%clk 0:00:30]} 30. e5 {[%clk 0:03:32]} 1-0

[Event "alberic"]
[Site "C/Calderon de la Barca"]
[Date "2017.07.01"]
[Round "6.2"]
[White "Kovacevic, Slobodan"]
[Black "Garcia, Jhoel"]
[Result "0-1"]
[WhiteElo "2304"]
[BlackElo "2331"]
[PlyCount "92"]
[EventDate "2017.??.??"]

1. d4 {[%clk 0:07:05]} 1... Nf6 {[%clk 0:06:57]} 2. Nf3 {[%clk 0:07:07]} 2...
e6 {[%clk 0:06:48]} 3. Bf4 {[%clk 0:07:07]} 3... c5 {[%clk 0:06:46]} 4. e3 {
[%clk 0:07:09]} 4... d5 {[%clk 0:06:39]} 5. c3 {[%clk 0:07:10]} 5... Qb6 {
[%clk 0:06:26]} 6. Qb3 {[%clk 0:07:07]} 6... c4 {[%clk 0:06:28]} 7. Qc2 {
[%clk 0:07:09]} 7... Nc6 {[%clk 0:06:29]} 8. Nbd2 {[%clk 0:07:09]} 8... Qd8 {
[%clk 0:06:02]} 9. e4 {[%clk 0:07:10]} 9... b5 {[%clk 0:05:47]} 10. Be2 {
[%clk 0:07:04]} 10... Bb7 {[%clk 0:05:45]} 11. O-O {[%clk 0:06:37]} 11... Be7 {
[%clk 0:05:42]} 12. e5 {[%clk 0:06:29]} 12... Nd7 {[%clk 0:05:41]} 13. a3 {
[%clk 0:06:28]} 13... a5 {[%clk 0:05:42]} 14. h3 {[%clk 0:06:25]} 14... O-O {
[%clk 0:05:41]} 15. Bg3 {[%clk 0:06:22]} 15... b4 {[%clk 0:05:36]} 16. a4 {
[%clk 0:06:15]} 16... f5 {[%clk 0:04:06]} 17. exf6 {[%clk 0:06:14]} 17... Nxf6
{[%clk 0:04:06]} 18. Rfe1 {[%clk 0:06:16]} 18... Bd6 {[%clk 0:03:17]} 19. Bxd6
{[%clk 0:06:00]} 19... Qxd6 {[%clk 0:03:19]} 20. Bf1 {[%clk 0:06:02]} 20...
Rae8 {[%clk 0:03:16]} 21. Re3 {[%clk 0:06:01]} 21... e5 {[%clk 0:02:28]} 22.
dxe5 {[%clk 0:06:03]} 22... Nxe5 {[%clk 0:02:30]} 23. Nxe5 {[%clk 0:06:04]}
23... Rxe5 {[%clk 0:02:32]} 24. Rxe5 {[%clk 0:06:06]} 24... Qxe5 {
[%clk 0:02:33]} 25. Nf3 {[%clk 0:06:08]} 25... Qc7 {[%clk 0:02:32]} 26. cxb4 {
[%clk 0:05:54]} 26... axb4 {[%clk 0:02:31]} 27. b3 {[%clk 0:05:53]} 27... c3 {
[%clk 0:02:14]} 28. a5 {[%clk 0:05:51]} 28... Ne4 {[%clk 0:02:09]} 29. a6 {
[%clk 0:05:51]} 29... Ba8 {[%clk 0:02:11]} 30. Qd3 {[%clk 0:05:48]} 30... Qb6 {
[%clk 0:01:55]} 31. Ra2 {[%clk 0:05:14]} 31... Qf6 {[%clk 0:01:39]} 32. Qe3 {
[%clk 0:05:03]} 32... Nd6 {[%clk 0:01:24]} 33. a7 {[%clk 0:04:50]} 33... Nf5 {
[%clk 0:01:25]} 34. Qf4 {[%clk 0:04:38]} 34... d4 {[%clk 0:01:27]} 35. Bd3 {
[%clk 0:04:35]} 35... Qe6 {[%clk 0:00:50]} 36. Bc4 {[%clk 0:03:45]} 36... Qxc4
{[%clk 0:00:23]} 37. bxc4 {[%clk 0:03:43]} 37... b3 {[%clk 0:00:25]} 38. Ra5 {
[%clk 0:03:39]} 38... b2 {[%clk 0:00:18]} 39. Rxf5 {[%clk 0:03:37]} 39... b1=Q+
{[%clk 0:00:16]} 40. Kh2 {[%clk 0:03:34]} 40... Qxf5 {[%clk 0:00:18]} 41. Qxd4
{[%clk 0:03:33]} 41... Bxf3 {[%clk 0:00:17]} 42. gxf3 {[%clk 0:02:55]} 42...
Qxf3 {[%clk 0:00:18]} 43. c5 {[%clk 0:02:41]} 43... c2 {[%clk 0:00:19]} 44. Qd2
{[%clk 0:02:43]} 44... Qxf2+ {[%clk 0:00:21]} 45. Qxf2 {[%clk 0:02:45]} 45...
Rxf2+ {[%clk 0:00:23]} 46. Kg3 {[%clk 0:02:47]} 46... Rf8 0-1

[Event "alberic"]
[Site "C/Calderon de la Barca"]
[Date "2017.07.01"]
[Round "6.3"]
[White "Cantero Ramon, Eloy"]
[Black "Cano Gimenez, Vicente"]
[Result "0-1"]
[WhiteElo "2136"]
[BlackElo "2285"]
[PlyCount "68"]
[EventDate "2017.??.??"]

1. Nf3 {[%clk 0:07:03]} 1... c5 {[%clk 0:07:05]} 2. g3 {[%clk 0:07:05]} 2... g6
{[%clk 0:07:07]} 3. Bg2 {[%clk 0:07:07]} 3... Bg7 {[%clk 0:07:09]} 4. O-O {
[%clk 0:07:08]} 4... Nc6 {[%clk 0:07:11]} 5. d3 {[%clk 0:07:08]} 5... e5 {
[%clk 0:07:09]} 6. e4 {[%clk 0:06:59]} 6... Nge7 {[%clk 0:07:11]} 7. Nc3 {
[%clk 0:06:38]} 7... O-O {[%clk 0:07:10]} 8. Be3 {[%clk 0:06:13]} 8... d6 {
[%clk 0:07:12]} 9. Qd2 {[%clk 0:06:05]} 9... f6 {[%clk 0:06:45]} 10. Nd5 {
[%clk 0:05:28]} 10... Nxd5 {[%clk 0:06:31]} 11. exd5 {[%clk 0:05:29]} 11... Nd4
{[%clk 0:06:32]} 12. Nxd4 {[%clk 0:04:52]} 12... cxd4 {[%clk 0:05:42]} 13. Bh6
{[%clk 0:04:53]} 13... Bd7 {[%clk 0:05:38]} 14. c4 {[%clk 0:04:37]} 14... dxc3
{[%clk 0:04:42]} 15. bxc3 {[%clk 0:04:39]} 15... Qa5 {[%clk 0:04:43]} 16. Bxg7
{[%clk 0:04:35]} 16... Kxg7 {[%clk 0:04:45]} 17. Qb2 {[%clk 0:04:31]} 17... b6
{[%clk 0:04:43]} 18. f4 {[%clk 0:04:08]} 18... Rac8 {[%clk 0:04:30]} 19. c4 {
[%clk 0:04:10]} 19... Qc5+ {[%clk 0:04:06]} 20. Kh1 {[%clk 0:04:09]} 20... b5 {
[%clk 0:03:55]} 21. Rac1 {[%clk 0:03:58]} 21... bxc4 {[%clk 0:03:16]} 22. Rxc4
{[%clk 0:03:35]} 22... Qa5 {[%clk 0:03:14]} 23. fxe5 {[%clk 0:03:30]} 23...
fxe5 {[%clk 0:03:09]} 24. Rxc8 {[%clk 0:03:02]} 24... Rxf1+ {[%clk 0:02:48]}
25. Bxf1 {[%clk 0:03:03]} 25... Bxc8 {[%clk 0:02:50]} 26. Qb3 {[%clk 0:01:56]}
26... Qe1 {[%clk 0:02:15]} 27. Kg2 {[%clk 0:01:45]} 27... Bh3+ {[%clk 0:01:20]}
28. Kxh3 {[%clk 0:01:46]} 28... Qxf1+ {[%clk 0:01:21]} 29. Kh4 {[%clk 0:01:43]}
29... Qf5 {[%clk 0:01:04]} 30. g4 Qf2+ {[%clk 0:00:54]} 31. Kh3 {[%clk 0:01:35]
} 31... Qf3+ {[%clk 0:00:55]} 32. Kh4 {[%clk 0:01:30]} 32... g5+ {
[%clk 0:00:53]} 33. Kh5 {[%clk 0:01:12]} 33... Qf7+ {[%clk 0:00:55]} 34. Kxg5 {
[%clk 0:01:05]} 34... Qf6+ 0-1